Transforming culture : (Record no. 8867)
[ view plain ]
| 000 -LEADER | |
|---|---|
| fixed length control field | 02623cam a2200325 a 4500 |
| 001 - CONTROL NUMBER | |
| control field | 40193603 |
| 003 - CONTROL NUMBER IDENTIFIER | |
| control field | OCoLC |
| 005 - DATE AND TIME OF LATEST TRANSACTION | |
| control field | 20241126110700.0 |
| 008 - FIXED-LENGTH DATA ELEMENTS--GENERAL INFORMATION | |
| fixed length control field | 981015s1998 miua b 001 0 eng |
| 010 ## - | |
| -- | 98047736 |
| 020 ## - INTERNATIONAL STANDARD BOOK NUMBER | |
| International Standard Book Number | 0801021782 (pbk.) |
| 020 ## - INTERNATIONAL STANDARD BOOK NUMBER | |
| International Standard Book Number | 9780801021787 (pbk.) |
| 035 ## - SYSTEM CONTROL NUMBER | |
| System control number | (OCoLC)40193603 |
| 040 ## - CATALOGING SOURCE | |
| Original cataloging agency | DLC |
| Language of cataloging | eng |
| Transcribing agency | DLC |
| Modifying agency | BAKER |
| -- | BTCTA |
| -- | YDXCP |
| -- | CFT |
| -- | BDX |
| -- | CFT |
| -- | OCLCF |
| -- | XPQ |
| -- | CIRBC |
| 050 00 - | |
| -- | BV2063 |
| -- | .L436 1998 |
| 082 00 - DEWEY DECIMAL CLASSIFICATION NUMBER | |
| Classification number | 266 |
| Edition information | 21 |
| Item number | LIN |
| 092 0# - LOCALLY ASSIGNED DEWEY CALL NUMBER (OCLC) | |
| Classification number | 266 |
| Item number | L7555 |
| 100 1# - MAIN ENTRY--PERSONAL NAME | |
| Personal name | Lingenfelter, Sherwood G. |
| 9 (RLIN) | 15445 |
| 245 10 - TITLE STATEMENT | |
| Title | Transforming culture : |
| Remainder of title | a challenge for Christian mission / |
| Statement of responsibility, etc. | Sherwood Lingenfelter. |
| 250 ## - EDITION STATEMENT | |
| Edition statement | 2nd ed. |
| 260 ## - PUBLICATION, DISTRIBUTION, ETC. | |
| Place of publication, distribution, etc. | Grand Rapids, Mich. : |
| Name of publisher, distributor, etc. | Baker Books, |
| Date of publication, distribution, etc. | c1998. |
| 300 ## - PHYSICAL DESCRIPTION | |
| Extent | 190 p. : |
| Other physical details | ill. ; |
| Dimensions | 22 cm. |
| 504 ## - BIBLIOGRAPHY, ETC. NOTE | |
| Bibliography, etc. note | Includes bibliographical references (p. 183-184) and indexes. |
| 505 0# - FORMATTED CONTENTS NOTE | |
| Formatted contents note | Transferring or transforming culture? -- A model for analysis of social order -- Property: the silent enemy of church growth -- Labor and productivity: divisive values in mission -- Generosity and exchange: the stone of stumbling in interpersonal relationships -- Authority and family: the foundation of social order -- Authority and community: the context of local churches -- Disputes, conflicts, and communication: to command or to serve? -- Transforming culture. |
| 520 8# - SUMMARY, ETC. | |
| Summary, etc. | "Lingenfelter's book opens with the valuable point that Christians are pilgrims on earth, participants in the culture of Christ. Going beyond the differences between 'collectivistic' cultures and 'individualistic' cultures, he identifies five different social games (hierarchic, egalitarian, etc.) which determine cultural bias and are used in the rest of the book to help identify ideas such as property, privacy, family and authority, dispute resolution and communication, the concepts of borrowing and repaying, and of labor and patronage. He provides helpful grids and a quiz, all to help the reader to identify his or her own social game. This is all valuable for someone preparing to go into the mission field, as cultural bias is brought into mission along with other baggage. It is a book that should be read carefully and thoroughly, as it could be overwhelming for someone preparing to enter the mission field to recognize the responsibility to be sensitive to the cultural games of the people group while at the same time evangelizing to this group" -- Amazon.com. |
| 650 #0 - SUBJECT ADDED ENTRY--TOPICAL TERM | |
| Topical term or geographic name entry element | Missions |
| General subdivision | Anthropological aspects. |
| 9 (RLIN) | 2221 |
| 650 #0 - SUBJECT ADDED ENTRY--TOPICAL TERM | |
| Topical term or geographic name entry element | Intercultural communication |
| General subdivision | Religious aspects |
| -- | Christianity. |
| 9 (RLIN) | 1960 |
| 650 #0 - SUBJECT ADDED ENTRY--TOPICAL TERM | |
| Topical term or geographic name entry element | Christianity and culture. |
| 9 (RLIN) | 886 |
| 942 ## - ADDED ENTRY ELEMENTS (KOHA) | |
| Source of classification or shelving scheme | Dewey Decimal Classification |
| Koha item type | Books |
| Koha issues (borrowed), all copies | 3 |
| Withdrawn status | Lost status | Source of classification or shelving scheme | Damaged status | Not for loan | Home library | Current Library | Shelving location | Date acquired | Total checkouts | Full call number | Barcode | Date last seen | Date last checked out | Copy number | Price effective from | Koha item type |
|---|---|---|---|---|---|---|---|---|---|---|---|---|---|---|---|---|
| Dewey Decimal Classification | GRACE BIBLE COLLEGE | GRACE BIBLE COLLEGE | Ministry & Mission | 2021-12-16 | 1 | 266 LIN | 015348 | 2025-05-01 | 2023-11-21 | c.1 | 2021-12-16 | Books | ||||
| Dewey Decimal Classification | GRACE BIBLE COLLEGE | GRACE BIBLE COLLEGE | Ministry & Mission | 2021-12-16 | 2 | 266 LIN | 015349 | 2025-05-01 | 2024-02-22 | c.2 | 2021-12-16 | Books |